14 Ways Not to Strike 'Gold' Quiz Stats

Quiz Updated Jul 26, 2016

Challenge
Share
Tweet
Embed
Score 0/14 Timer 01:00
0 Plays Today
% Correct
Bold
97.1%
Mold
95.2%
Fold
95.1%
Told
95%
Cold
94.8%
Hold
93.3%
Sold
93.1%
% Correct
Gild
90.3%
Geld
87.6%
Wold
76.6%
Goad
61.4%
Good
51.3%
Golf
46.7%
Gowd
24.4%

You're not logged in!

Compare scores with friends on all Sporcle quizzes.
Sign Up with Email
OR
Log In

You Might Also Like...

Show Comments

Extras

Top Quizzes Today


Score Distribution

Your Account Isn't Verified!

In order to create a playlist on Sporcle, you need to verify the email address you used during registration. Go to your Sporcle Settings to finish the process.